| 000 | 00780pam a2200253 i 4500 | ||
|---|---|---|---|
| 001 | 1828068 | ||
| 003 | OSt | ||
| 005 | 20170105101159.0 | ||
| 008 | 801212s1981 paua b 001 0 eng | ||
| 010 | _a 80052809 | ||
| 020 | _a0812277937 | ||
| 040 |
_aDLC _cDLC _dDLC |
||
| 050 | 0 | 0 |
_aPN4756 _b.S3 |
| 082 | 0 | 0 |
_a070.4/3 _219 |
| 100 | 1 |
_aSchiller, Dan, _d1951- |
|
| 245 | 1 | 0 |
_aObjectivity and the news : _bthe public and the rise of commercial journalism / _cDan Schiller. |
| 260 |
_aPhiladelphia : _bUniversity of Pennsylvania Press, _c1981. |
||
| 300 |
_axiv, 222 p. : _bill. ; _c24 cm. |
||
| 500 | _aIncludes index. | ||
| 504 | _aBibliography: p. 198-214. | ||
| 650 | 0 |
_aJournalism _xObjectivity. |
|
| 906 |
_a7 _bcbc _corignew _du _eocip _f19 _gy-gencatlg |
||
| 942 |
_2ddc _cBK |
||
| 999 |
_c2704 _d2704 |
||